[Event "Ontario-ch"]
[Site "Ottawa CAN"]
[Date "2005.03.04"]
[Round "1"]
[White "Vaingorten, Yaaqov"]
[Black "Predescu, Sebastian"]
[Result "0-1"]
[WhiteElo "2389"]
[BlackElo "2245"]
[PlyCount "74"]
[GameId "2160767910965515"]
[EventDate "2005.03.04"]
[EventType "swiss"]
[EventRounds "5"]
[EventCountry "CAN"]
[SourceTitle "EXT 2006"]
[Source "ChessBase"]
[SourceDate "2005.11.24"]
[SourceVersion "1"]
[SourceVersionDate "2005.11.24"]
[SourceQuality "1"]

1. d4 Nf6 2. c4 g6 3. Nc3 Bg7 4. e4 d6 5. Nf3 O-O 6. Be2 e5 7. O-O Na6 8. Re1 c6 9. Bf1 Bg4 10. Be3 Bxf3 11. Qxf3 Ng4 12. Qxg4 exd4 13. Bg5 f6 14. Bd2 f5 15. Qh3 dxc3 16. Bxc3 fxe4 17. Qe6+ Rf7 18. Bxg7 Nc5 19. Qh3 Kxg7 20. Qc3+ Qf6 21. Qxf6+ Rxf6 22. b4 Nd3 23. Bxd3 exd3 24. g3 a5 25. b5 cxb5 26. cxb5 Rc8 27. Rad1 Rc2 28. Rxd3 Rfxf2 29. Re7+ Kh6 30. Rxb7 Rg2+ 31. Kh1 Rxh2+ 32. Kg1 Rcg2+ 33. Kf1 Rxa2 34. Kg1 Rag2+ 35. Kf1 Rb2 36. Kg1 Rhc2 37. Rf3 Kg5 0-1

[Event "Ontario-ch"]
[Site "Ottawa CAN"]
[Date "2005.03.05"]
[Round "2"]
[White "Djerkovic, Miladin"]
[Black "Barclay, Wayne"]
[Result "0-1"]
[WhiteElo "2289"]
[BlackElo "2240"]
[PlyCount "104"]
[GameId "2160767910965517"]
[EventDate "2005.03.04"]
[EventType "swiss"]
[EventRounds "5"]
[EventCountry "CAN"]
[SourceTitle "EXT 2006"]
[Source "ChessBase"]
[SourceDate "2005.11.24"]
[SourceVersion "1"]
[SourceVersionDate "2005.11.24"]
[SourceQuality "1"]

1. e4 e6 2. d4 d5 3. Nc3 Bb4 4. e5 Ne7 5. a3 Bxc3+ 6. bxc3 c5 7. Nf3 Bd7 8. a4 Qc7 9. Qd2 Nbc6 10. Ba3 b6 11. dxc5 Nxe5 12. Nxe5 Qxe5+ 13. Be2 Bxa4 14. O-O b5 15. Rfb1 a6 16. c4 dxc4 17. Bf3 c3 18. Qd6 Qxd6 19. cxd6 Nd5 20. Bxd5 exd5 21. Re1+ Kd8 22. Re7 a5 23. Bc5 Ra6 24. Rb7 Kc8 25. Rc7+ Kb8 26. Re1 b4 27. Ree7 Rd8 28. Rb7+ Ka8 29. Ra7+ Rxa7 30. Rxa7+ Kb8 31. Rxa5 Bxc2 32. Rb5+ Kc8 33. Rxb4 Bd3 34. Rd4 c2 35. Ba3 Bc4 36. Rf4 Re8 37. h4 Re1+ 38. Kh2 f6 39. h5 c1=Q 40. Bxc1 Rxc1 41. Rg4 g5 42. hxg6 hxg6 43. Rxg6 f5 44. Kg3 Kd7 45. Kf4 Re1 46. Rg7+ Kxd6 47. Ra7 Bd3 48. Ra2 Re4+ 49. Kf3 Kc5 50. Ra3 Be2+ 51. Kg3 Rg4+ 52. Kh3 Bf1 0-1

[Event "Ontario-ch"]
[Site "Ottawa CAN"]
[Date "2005.03.05"]
[Round "2"]
[White "Molchanov, Yevhen"]
[Black "Vaingorten, Yaaqov"]
[Result "1-0"]
[WhiteElo "2186"]
[BlackElo "2389"]
[PlyCount "73"]
[GameId "2160767910965518"]
[EventDate "2005.03.04"]
[EventType "swiss"]
[EventRounds "5"]
[EventCountry "CAN"]
[SourceTitle "EXT 2006"]
[Source "ChessBase"]
[SourceDate "2005.11.24"]
[SourceVersion "1"]
[SourceVersionDate "2005.11.24"]
[SourceQuality "1"]

1. d4 Nf6 2. Nf3 e6 3. e3 b6 4. Nbd2 Bb7 5. Bd3 Be7 6. O-O d5 7. c4 O-O 8. b3 Nbd7 9. Bb2 Ne4 10. Qc2 Ndf6 11. Rac1 Nxd2 12. Nxd2 dxc4 13. Nxc4 Rc8 14. e4 h6 15. Qe2 Re8 16. Rfd1 c6 17. e5 Nd5 18. Qe4 g6 19. h4 b5 20. h5 bxc4 21. bxc4 Nb4 22. Bb1 Qb6 23. hxg6 f5 24. exf6 Bxf6 25. g7 Bxg7 26. Rc3 Re7 27. Rf3 Rf7 28. Qxe6 Qc7 29. Bg6 Rcf8 30. Ba3 a5 31. Bxb4 axb4 32. Rdd3 Qd7 33. Bxf7+ Rxf7 34. Qe4 Rxf3 35. Qxf3 Bxd4 36. c5 Kh8 37. Qe4 1-0

[Event "Ontario-ch"]
[Site "Ottawa CAN"]
[Date "2005.03.05"]
[Round "2"]
[White "Predescu, Sebastian"]
[Black "Davies, Alex"]
[Result "1-0"]
[WhiteElo "2245"]
[BlackElo "2261"]
[PlyCount "51"]
[GameId "2160767910965521"]
[EventDate "2005.03.04"]
[EventType "swiss"]
[EventRounds "5"]
[EventCountry "CAN"]
[SourceTitle "EXT 2006"]
[Source "ChessBase"]
[SourceDate "2005.11.24"]
[SourceVersion "1"]
[SourceVersionDate "2005.11.24"]
[SourceQuality "1"]

1. e4 e5 2. Nf3 Nc6 3. Bc4 Nf6 4. d3 Bc5 5. O-O d6 6. c3 O-O 7. Nbd2 a6 8. Bb3 Re8 9. Re1 b5 10. Nf1 Bb7 11. Ng3 Bb6 12. d4 h6 13. d5 Ne7 14. Nh4 c6 15. Nh5 Nxh5 16. dxc6 Nxc6 17. Qxh5 Qf6 18. Be3 Bd8 19. Nf5 Bc8 20. Nxd6 Re7 21. Rad1 Be6 22. Nf5 Bxf5 23. exf5 Bc7 24. Bc5 Ree8 25. Rd7 Nd8 26. Rxc7 1-0

[Event "Ontario-ch"]
[Site "Ottawa CAN"]
[Date "2005.03.05"]
[Round "3"]
[White "Djerkovic, Miladin"]
[Black "Molchanov, Yevhen"]
[Result "1/2-1/2"]
[WhiteElo "2289"]
[BlackElo "2186"]
[PlyCount "20"]
[GameId "2160767910965525"]
[EventDate "2005.03.04"]
[EventType "swiss"]
[EventRounds "5"]
[EventCountry "CAN"]
[SourceTitle "EXT 2006"]
[Source "ChessBase"]
[SourceDate "2005.11.24"]
[SourceVersion "1"]
[SourceVersionDate "2005.11.24"]
[SourceQuality "1"]

1. d4 d5 2. c4 c6 3. e3 Nf6 4. Nc3 e6 5. Nf3 Nbd7 6. Qc2 Bd6 7. Bd3 O-O 8. O-O Qe7 9. e4 dxc4 10. Bxc4 e5 1/2-1/2

[Event "Ontario-ch"]
[Site "Ottawa CAN"]
[Date "2005.03.05"]
[Round "3"]
[White "Pacey, Kevin"]
[Black "Vaingorten, Yaaqov"]
[Result "1/2-1/2"]
[WhiteElo "2210"]
[BlackElo "2389"]
[PlyCount "74"]
[GameId "2160767910965527"]
[EventDate "2005.03.04"]
[EventType "swiss"]
[EventRounds "5"]
[EventCountry "CAN"]
[SourceTitle "EXT 2006"]
[Source "ChessBase"]
[SourceDate "2005.11.24"]
[SourceVersion "1"]
[SourceVersionDate "2005.11.24"]
[SourceQuality "1"]

1. f4 d5 2. Nf3 g6 3. g3 Bg7 4. Bg2 c5 5. O-O Nc6 6. d3 d4 7. c3 Nf6 8. Qa4 O-O 9. Bd2 Rb8 10. cxd4 b5 11. Qd1 Nxd4 12. Nc3 Bb7 13. Rc1 Rc8 14. h3 c4 15. dxc4 Rxc4 16. Ne5 Bxg2 17. Kxg2 Qa8+ 18. Kh2 Rcc8 19. e3 Nf5 20. Qf3 Rfd8 21. Rfd1 Qxf3 22. Nxf3 b4 23. Na4 a5 24. g4 Rxc1 25. Rxc1 Nd6 26. Be1 Nde4 27. Bh4 h6 28. Bxf6 Bxf6 29. Kg2 Rd3 30. Re1 Rd6 31. Rc1 Nd2 32. Rc8+ Kg7 33. Rc5 Nxf3 34. Kxf3 Rd2 35. Rxa5 Bxb2 36. Nxb2 Rxb2 37. h4 e6 1/2-1/2

[Event "Ontario-ch"]
[Site "Ottawa CAN"]
[Date "2005.03.06"]
[Round "4"]
[White "Predescu, Sebastian"]
[Black "Barclay, Wayne"]
[Result "1-0"]
[WhiteElo "2245"]
[BlackElo "2240"]
[PlyCount "105"]
[GameId "2160767910965530"]
[EventDate "2005.03.04"]
[EventType "swiss"]
[EventRounds "5"]
[EventCountry "CAN"]
[SourceTitle "EXT 2006"]
[Source "ChessBase"]
[SourceDate "2005.11.24"]
[SourceVersion "1"]
[SourceVersionDate "2005.11.24"]
[SourceQuality "1"]

1. e4 e5 2. Nf3 Nc6 3. Bc4 Nf6 4. d3 Be7 5. O-O O-O 6. Re1 d6 7. c3 Na5 8. Bb5 a6 9. Ba4 b5 10. Bc2 c5 11. Nbd2 Qc7 12. Nf1 Nc6 13. Bg5 h6 14. Bh4 Be6 15. Ne3 Rad8 16. d4 cxd4 17. cxd4 d5 18. exd5 Nxd5 19. Nxd5 Rxd5 20. Bxe7 Qxe7 21. Be4 Rxd4 22. Nxd4 Nxd4 23. Bd3 Qg5 24. Re3 Bg4 25. Qf1 f5 26. Kh1 e4 27. Bc4+ Kh8 28. Bb3 Qg6 29. Rae1 Qc6 30. Bd1 Bxd1 31. Rxd1 f4 32. Rc3 Qf6 33. Qe1 e3 34. fxe3 fxe3 35. Qxe3 Qf1+ 36. Rxf1 Rxf1+ 37. Qg1 Rxg1+ 38. Kxg1 Ne2+ 39. Kf2 Nxc3 40. bxc3 Kh7 41. Ke3 Kg6 42. Kd4 Kf5 43. Kc5 Ke4 44. Kb6 Kd3 45. Kxa6 Kxc3 46. Kxb5 Kd4 47. a4 Ke3 48. a5 Kf2 49. a6 Kxg2 50. a7 Kxh2 51. a8=Q h5 52. Qh8 g6 53. Qh6 1-0

[Event "Ontario-ch"]
[Site "Ottawa CAN"]
[Date "2005.03.06"]
[Round "4"]
[White "Vaingorten, Yaaqov"]
[Black "Djerkovic, Miladin"]
[Result "0-1"]
[WhiteElo "2389"]
[BlackElo "2289"]
[PlyCount "122"]
[GameId "2160767910965533"]
[EventDate "2005.03.04"]
[EventType "swiss"]
[EventRounds "5"]
[EventCountry "CAN"]
[SourceTitle "EXT 2006"]
[Source "ChessBase"]
[SourceDate "2005.11.24"]
[SourceVersion "1"]
[SourceVersionDate "2005.11.24"]
[SourceQuality "1"]

1. e4 e5 2. Nf3 Nc6 3. Bb5 a6 4. Ba4 Nf6 5. O-O Be7 6. Re1 b5 7. Bb3 d6 8. c3 O-O 9. h3 Bb7 10. d4 Re8 11. Nbd2 Bf8 12. Bc2 g6 13. a4 exd4 14. cxd4 Nb4 15. Bb1 c5 16. d5 Bg7 17. Nf1 bxa4 18. Rxa4 Nd7 19. Ne3 Nb6 20. Ra3 a5 21. Nd2 Ba6 22. Rxa5 Bd3 23. Rxa8 Qxa8 24. Bxd3 Nxd3 25. Rf1 Qa2 26. b3 Bd4 27. Nf3 Nxc1 28. Qxc1 Rxe4 29. Ng4 Bg7 30. Ng5 Rxg4 31. hxg4 h6 32. Ne4 Qxb3 33. Nxd6 Qxd5 34. Ne8 Bd4 35. Qxh6 Qe5 36. Rb1 Nd5 37. Qh2 Bxf2+ 38. Kh1 Bg3 39. Qh3 c4 40. g5 Qxg5 41. Qc8 Qh4+ 42. Qh3 Qxh3+ 43. gxh3 c3 44. Rb5 c2 45. Rc5 Nb4 46. Nf6+ Kg7 47. Nd5 Nxd5 48. Rxc2 Nf4 49. Rc6 g5 50. Ra6 f6 51. Rc6 Kg6 52. Ra6 Kf5 53. Ra5+ Kg6 54. Ra8 Ne6 55. Ra5 Be5 56. Ra3 Kh5 57. Ra8 Kh4 58. Kg2 Nf4+ 59. Kf3 Kh5 60. Ke4 Nxh3 61. Kf5 Kh4 0-1

[Event "Ontario-ch"]
[Site "Ottawa CAN"]
[Date "2005.03.06"]
[Round "5"]
[White "Davies, Alex"]
[Black "Valdizon, Armando"]
[Result "1-0"]
[WhiteElo "2261"]
[BlackElo "2247"]
[PlyCount "83"]
[GameId "2160767910965535"]
[EventDate "2005.03.04"]
[EventType "swiss"]
[EventRounds "5"]
[EventCountry "CAN"]
[SourceTitle "EXT 2006"]
[Source "ChessBase"]
[SourceDate "2005.11.24"]
[SourceVersion "1"]
[SourceVersionDate "2005.11.24"]
[SourceQuality "1"]

1. e4 c5 2. Nf3 d6 3. d4 cxd4 4. Nxd4 Nf6 5. f3 g6 6. c4 Bg7 7. Be3 O-O 8. Nc3 Nc6 9. Qd2 Bd7 10. Be2 Rc8 11. O-O a6 12. Nc2 Ne5 13. Na3 Be6 14. b3 Re8 15. Rab1 Qc7 16. Na4 Bd7 17. Bb6 Qb8 18. Nc3 Be6 19. g4 Nfd7 20. Bd4 f5 21. gxf5 gxf5 22. Kh1 Ng6 23. Bxg7 Kxg7 24. Qg5 h6 25. Qh5 f4 26. Rg1 Nde5 27. Nd5 Kh7 28. Nc2 Qa7 29. Rg2 Rg8 30. Rd1 Bxd5 31. exd5 Nh8 32. Qf5+ Nhg6 33. Nd4 Rcf8 34. Qh5 Rf6 35. Nf5 Rxf5 36. Qxf5 Rf8 37. Qh5 Qe3 38. Bd3 Rf6 39. Bxg6+ Rxg6 40. Rxg6 Nxg6 41. Rg1 Qd3 42. Qg4 1-0

[Event "Ontario-ch"]
[Site "Ottawa CAN"]
[Date "2005.03.06"]
[Round "5"]
[White "Molchanov, Yevhen"]
[Black "Barclay, Wayne"]
[Result "0-1"]
[WhiteElo "2186"]
[BlackElo "2240"]
[PlyCount "72"]
[GameId "2160767910965536"]
[EventDate "2005.03.04"]
[EventType "swiss"]
[EventRounds "5"]
[EventCountry "CAN"]
[SourceTitle "EXT 2006"]
[Source "ChessBase"]
[SourceDate "2005.11.24"]
[SourceVersion "1"]
[SourceVersionDate "2005.11.24"]
[SourceQuality "1"]

1. e4 e5 2. Nf3 Nc6 3. d4 exd4 4. Nxd4 Qh4 5. Nc3 Bb4 6. Ndb5 Qxe4+ 7. Be2 Kd8 8. O-O Bxc3 9. Nxc3 Qd4 10. Bd3 d6 11. Qh5 Be6 12. Ne4 Nge7 13. Bd2 Qd5 14. Ng5 Kd7 15. Qh4 Bf5 16. Bxf5+ Qxf5 17. Rfe1 h6 18. Nf3 Rae8 19. Qa4 Kc8 20. b4 Qg4 21. c4 Qxc4 22. Rac1 Qg4 23. h3 Qd7 24. b5 Nb8 25. Nd4 a6 26. Ba5 c5 27. Red1 Ng6 28. Bb6 Re5 29. Qa5 Nf4 30. Rd2 Rg5 31. Bxc5 dxc5 32. Nb3 Qxb5 33. Qa3 Ne2+ 34. Rxe2 Qxe2 35. Nxc5 Nc6 36. Nxa6 Qxa6 0-1

[Event "Ontario-ch"]
[Site "Ottawa CAN"]
[Date "2005.03.06"]
[Round "5"]
[White "Pacey, Kevin"]
[Black "Saleh, Maher"]
[Result "1/2-1/2"]
[WhiteElo "2210"]
[BlackElo "2300"]
[PlyCount "106"]
[GameId "2160767910965538"]
[EventDate "2005.03.04"]
[EventType "swiss"]
[EventRounds "5"]
[EventCountry "CAN"]
[SourceTitle "EXT 2006"]
[Source "ChessBase"]
[SourceDate "2005.11.24"]
[SourceVersion "1"]
[SourceVersionDate "2005.11.24"]
[SourceQuality "1"]

1. d4 Nf6 2. c4 g6 3. Nc3 d5 4. cxd5 Nxd5 5. e4 Nxc3 6. bxc3 Bg7 7. Bc4 c5 8. Ne2 Nc6 9. Be3 O-O 10. O-O Qc7 11. Rc1 Rd8 12. Kh1 a6 13. f4 b5 14. Bd3 c4 15. Bb1 f5 16. exf5 gxf5 17. Ng3 e6 18. Nh5 Bh8 19. Bf2 Rd6 20. Bh4 Qf7 21. Rf3 Ne7 22. Bxe7 Qxe7 23. Qe2 Bb7 24. Re3 Qd7 25. Re1 Bd5 26. Qf2 Kf7 27. Qh4 Rg8 28. Ng3 Kf8 29. Bxf5 exf5 30. Re7 Qd8 31. Qxh7 b4 32. Qxf5+ Bf6 33. Re8+ Qxe8 34. Rxe8+ Kxe8 35. Ne4 Ke7 36. Kg1 Bxe4 37. Qxe4+ Kf7 38. Qb7+ Be7 39. Qc7 bxc3 40. Qxc4+ Kg7 41. Qxc3 Rgd8 42. Qg3+ Kf8 43. Qh3 Bf6 44. Qf5 Kg7 45. h4 Rxd4 46. h5 Kf7 47. Qg6+ Ke7 48. Qh7+ Ke6 49. Qb7 R8d6 50. Qc8+ Ke7 51. Qb7+ Ke6 52. Qc8+ Ke7 53. Qb7+ Ke6 1/2-1/2

[Event "Outaouais op"]
[Site "Gatineau CAN"]
[Date "2005.04.09"]
[Round "2"]
[White "Gagnon, Fabien"]
[Black "Langlais, Daniel"]
[Result "1/2-1/2"]
[WhiteElo "2034"]
[BlackElo "1744"]
[PlyCount "169"]
[GameId "2160767910968792"]
[EventDate "2005.04.08"]
[EventType "swiss"]
[EventRounds "5"]
[EventCountry "CAN"]

1. Nf3 d5 2. g3 Nf6 3. Bg2 g6 4. O-O Bg7 5. d3 O-O 6. Nbd2 Nbd7 7. e4 dxe4 8. dxe4 e5 9. Qe2 b6 10. Ne1 Bb7 11. Nd3 c5 12. a4 a5 13. Re1 Qc7 14. Nc4 Ne8 15. Bg5 f6 16. Be3 Ba6 17. b3 Bxc4 18. bxc4 Nd6 19. Nb2 Nb8 20. Nd1 Nc6 21. c3 Qf7 22. Nb2 Rfd8 23. f3 Ne7 24. Bf2 Bh6 25. Bf1 Ra7 26. Nd1 Bg7 27. Rb1 Ndc8 28. Ne3 Rd6 29. Bh3 f5 30. Red1 Rad7 31. Rxd6 Rxd6 32. Rd1 Qe6 33. Nd5 Qd7 34. Qc2 Nxd5 35. cxd5 Ne7 36. Be3 h6 37. c4 Rf6 38. f4 Rf7 39. Kg2 Kh7 40. Rf1 Qd6 41. fxe5 Qxe5 42. Bf4 Qxe4+ 43. Qxe4 fxe4 44. Bc7 Nf5 45. Bxf5 Rxc7 46. Be6 Re7 47. Re1 Be5 48. Rxe4 Bd6 49. Re2 Kg7 50. Rf2 Rb7 51. g4 g5 52. h3 Re7 53. Kf3 Re8 54. Ke4 Rf8 55. Rxf8 Kxf8 56. Kf5 Ke8 57. Bc8 Kf7 58. Bd7 Ke7 59. Be6 Ke8 60. Bg8 Kd7 61. Kf6 Bf8 62. Kf7 Bd6 63. Kg7 Ke7 64. Kxh6 Kf6 65. Be6 Bf8+ 66. Kh5 Bd6 67. h4 Bf4 68. Bc8 gxh4 69. Kxh4 Bg5+ 70. Kg3 Ke5 71. Kf3 Kd4 72. Ba6 Ke5 73. Bb5 Kd6 74. Ke4 Bf6 75. Kf5 Bg7 76. g5 Ke7 77. Kg6 Be5 78. Ba6 Kf8 79. Kf5 Bd6 80. Ke6 Bf4 81. Bb5 Bxg5 82. Kd7 Bd2 83. Kc7 Bf4+ 84. Kxb6 Ke7 85. Kxa5 1/2-1/2

[Event "Outaouais op"]
[Site "Gatineau CAN"]
[Date "2005.04.09"]
[Round "3"]
[White "Robidas, Francois"]
[Black "Gagnon, Fabien"]
[Result "1-0"]
[WhiteElo "1937"]
[BlackElo "2034"]
[PlyCount "55"]
[GameId "2160767910968793"]
[EventDate "2005.04.08"]
[EventType "swiss"]
[EventRounds "5"]
[EventCountry "CAN"]

1. e4 c5 2. c3 d5 3. exd5 Qxd5 4. d4 Nf6 5. Nf3 e6 6. Be3 cxd4 7. cxd4 Bb4+ 8. Nc3 O-O 9. Be2 Qa5 10. Qc2 Nc6 11. O-O Bd7 12. g3 Be7 13. Rfd1 Rac8 14. Qb3 Rfd8 15. Rac1 Nd5 16. Nxd5 exd5 17. Ne5 Nxe5 18. dxe5 Rxc1 19. Rxc1 Bc6 20. Bd4 Qd2 21. Qe3 Qxe3 22. fxe3 a6 23. Bxa6 Re8 24. Be2 Bf8 25. Kf2 g6 26. b4 Ba4 27. Rc7 b5 28. Rd7 1-0

[Event "PEI op"]
[Site "Charlottetown CAN"]
[Date "2005.07.24"]
[Round "5"]
[White "Kenney, David"]
[Black "McKim, Fred"]
[Result "1-0"]
[WhiteElo "1709"]
[BlackElo "1911"]
[PlyCount "135"]
[GameId "2160767910900996"]
[EventDate "2005.07.23"]
[EventType "swiss"]
[EventRounds "5"]
[EventCountry "CAN"]

1. c4 Nf6 2. g3 e5 3. Bg2 c6 4. b3 d5 5. Bb2 Bd6 6. e3 O-O 7. Ne2 Bf5 8. d3 Nbd7 9. O-O h6 10. Nbc3 dxc4 11. dxc4 Nc5 12. Nc1 Qc7 13. b4 Nce4 14. c5 Nxc3 15. Bxc3 Be7 16. Qe2 e4 17. a3 Rfd8 18. Qb2 Ne8 19. Bd4 Bf6 20. Nb3 Bxd4 21. Nxd4 Qe5 22. Rfd1 Nc7 23. Qc2 Bg6 24. Bf1 Ne6 25. Nxe6 Qxe6 26. Bc4 Qg4 27. Be2 Qf5 28. Rxd8+ Rxd8 29. Rd1 Rd5 30. Bc4 Re5 31. Be2 h5 32. Rd8+ Kh7 33. Qd1 h4 34. Bg4 Qg5 35. Rd6 Bf5 36. Bxf5+ Rxf5 37. Kg2 h3+ 38. Kg1 Rf3 39. Qe2 Qe5 40. Qd1 Qb2 41. Qf1 g6 42. Qxh3+ Kg7 43. Qf1 Qxa3 44. Rd4 a5 45. Rxe4 Qa4 46. Qb1 Rf5 47. Kg2 Qb5 48. Qa1+ f6 49. g4 Re5 50. Rxe5 fxe5 51. Qxe5+ Kf7 52. bxa5 Qxa5 53. g5 Qd8 54. h4 b5 55. cxb6 Qxb6 56. Qf6+ Ke8 57. Qxg6+ Ke7 58. Qf6+ Ke8 59. Qe6+ Kd8 60. g6 Qb7 61. h5 c5+ 62. e4 Qg7 63. Qd6+ Kc8 64. Qxc5+ Kb7 65. Qd5+ Kb8 66. Qf7 Qd4 67. Qf3 Qd2 68. g7 1-0

[Event "POP 2005.09"]
[Site "Montreal CAN"]
[Date "2005.09.10"]
[Round "1"]
[White "Leclair, Hugues"]
[Black "Nguyen, Minh Ly"]
[Result "1-0"]
[WhiteElo "1742"]
[BlackElo "1645"]
[PlyCount "47"]
[GameId "2160767910900238"]
[EventDate "2005.09.10"]
[EventType "tourn"]
[EventRounds "3"]
[EventCountry "CAN"]

1. e4 d5 2. exd5 Qxd5 3. Nc3 Qa5 4. d4 c6 5. Bc4 Nf6 6. Nf3 Bf5 7. Qe2 e6 8. Bd2 Bb4 9. O-O-O Nbd7 10. d5 cxd5 11. Nxd5 Nxd5 12. Bxd5 Qxd5 13. Bxb4 Qxa2 14. Rxd7 Kxd7 15. Qb5+ Kc7 16. Qc5+ Kb8 17. Qe5+ Kc8 18. Qc3+ Kd7 19. Rd1+ Ke8 20. Qc5 Qa1+ 21. Kd2 Rd8+ 22. Ke3 Rd7 23. Qc8+ Rd8 24. Qxd8# 1-0

[Event "POP 2005.09"]
[Site "Montreal CAN"]
[Date "2005.09.10"]
[Round "2"]
[White "Crete, Michel"]
[Black "Leclair, Hugues"]
[Result "1-0"]
[WhiteElo "1858"]
[BlackElo "1742"]
[PlyCount "29"]
[GameId "2160767910900239"]
[EventDate "2005.09.10"]
[EventType "tourn"]
[EventRounds "3"]
[EventCountry "CAN"]

1. d4 Nf6 2. Nf3 c5 3. c3 cxd4 4. cxd4 d5 5. Nc3 Nc6 6. Bf4 a6 7. e3 e6 8. Bd3 Bd7 9. O-O Nb4 10. Bb1 Bb5 11. Nxb5 axb5 12. Qe2 Ra5 13. Rc1 Bd6 14. Bxd6 Qxd6 15. Rc8+ 1-0

[Event "Paques"]
[Site "Montreal CAN"]
[Date "2005.03.25"]
[Round "1"]
[White "Bolduc, Steve"]
[Black "Dumouchel, Alain"]
[Result "0-1"]
[WhiteElo "2257"]
[BlackElo "2049"]
[PlyCount "84"]
[GameId "2160767910968932"]
[EventDate "2005.03.25"]
[EventType "swiss"]
[EventRounds "5"]
[EventCountry "CAN"]

1. d4 d5 2. c4 e6 3. Nc3 Nf6 4. Nf3 Nbd7 5. Bg5 Be7 6. e3 O-O 7. Bd3 c6 8. O-O dxc4 9. Bxc4 Nd5 10. Bxe7 Qxe7 11. Rc1 Nxc3 12. Rxc3 e5 13. Qc2 exd4 14. exd4 Nb6 15. Re3 Qd8 16. Bb3 Nd5 17. Re5 h6 18. Bxd5 cxd5 19. Qb3 Be6 20. Re3 Qa5 21. Rc3 Rac8 22. Rfc1 Rc4 23. Qxb7 Rb4 24. Qe7 Rxb2 25. Ra3 Qb5 26. Rb3 Qe2 27. Rxb2 Qxb2 28. Re1 Qxa2 29. h3 Bf5 30. Re3 Be4 31. Ne5 Qa1+ 32. Kh2 Qxd4 33. Rg3 Bg6 34. Nd7 Rc8 35. Ne5 Qe4 36. Nxg6 fxg6 37. Qxa7 Rf8 38. Rb3 d4 39. Rb7 Kh8 40. Re7 Qf4+ 41. Kh1 Qxf2 42. Rxg7 Qe1+ 0-1

[Event "Paul Keres mem (30th)"]
[Site "Vancouver CAN"]
[Date "2005.05.21"]
[Round "1"]
[White "Kaminski, Victor"]
[Black "Chan, James"]
[Result "1-0"]
[WhiteElo "2055"]
[BlackElo "2095"]
[PlyCount "67"]
[GameId "2160767910968220"]
[EventDate "2005.05.20"]
[EventType "swiss"]
[EventRounds "7"]
[EventCountry "CAN"]
[SourceTitle "CBM 106 Extra"]
[Source "ChessBase"]
[SourceDate "2005.07.01"]
[SourceVersion "1"]
[SourceVersionDate "2005.07.01"]
[SourceQuality "1"]

1. d4 f5 2. c4 Nf6 3. g3 g6 4. Bg2 Bg7 5. Nc3 d6 6. e3 Nc6 7. Nge2 O-O 8. d5 Ne5 9. b3 Bd7 10. Bb2 Qe8 11. O-O Nh5 12. Nf4 Nf6 13. Nce2 g5 14. Nd3 Neg4 15. h3 Qh5 16. hxg4 Nxg4 17. Re1 f4 18. exf4 Qh2+ 19. Kf1 Ne3+ 20. fxe3 Bh3 21. Bxh3 Qxh3+ 22. Kg1 Bxb2 23. Nxb2 Rf6 24. Qd4 Rh6 25. Qe4 Qh2+ 26. Kf1 Rf8 27. Qg2 Qh5 28. Kf2 gxf4 29. gxf4+ Rg6 30. Qh1 Qf5 31. e4 Qf6 32. Rg1 Kh8 33. Rxg6 Qxg6 34. Rg1 1-0

[Event "Paul Keres mem (30th)"]
[Site "Vancouver CAN"]
[Date "2005.05.20"]
[Round "1.1"]
[White "Schuetzhold, Ralf"]
[Black "Orlov, Georgi"]
[Result "0-1"]
[WhiteElo "2016"]
[BlackElo "2612"]
[PlyCount "52"]
[GameId "2160767910968221"]
[EventDate "2005.05.20"]
[EventType "swiss"]
[EventRounds "7"]
[EventCountry "CAN"]

1. e4 d6 2. d4 Nf6 3. Nc3 g6 4. f4 Bg7 5. Nf3 O-O 6. Bd3 Na6 7. O-O c5 8. Bxa6 cxd4 9. Qxd4 bxa6 10. Rd1 Ng4 11. e5 Bb7 12. h3 Bxf3 13. gxf3 Nh6 14. Be3 Qc8 15. Kh2 Nf5 16. Qe4 Qb8 17. Nd5 dxe5 18. fxe5 e6 19. Nc3 Bxe5+ 20. Kg1 Bh2+ 21. Kf2 Qg3+ 22. Kf1 Qxh3+ 23. Kf2 Bg3+ 24. Ke2 Qg2+ 25. Kd3 Rac8 26. Rg1 Rfd8+ 0-1

[Event "Paul Keres mem (30th)"]
[Site "Vancouver CAN"]
[Date "2005.05.20"]
[Round "1.2"]
[White "Schulte, Oliver"]
[Black "Davies, Noam"]
[Result "1-0"]
[WhiteElo "2435"]
[BlackElo "1994"]
[PlyCount "75"]
[GameId "2160767910968222"]
[EventDate "2005.05.20"]
[EventType "swiss"]
[EventRounds "7"]
[EventCountry "CAN"]

1. e4 c5 2. Nf3 e6 3. d4 cxd4 4. Nxd4 a6 5. Bd3 Nf6 6. O-O Qc7 7. c4 b6 8. Qe2 d6 9. b3 Bb7 10. Bb2 Nbd7 11. Nd2 Be7 12. f4 O-O 13. Rae1 Rfd8 14. Kh1 Rac8 15. Bb1 e5 16. Nf5 Bf8 17. g4 g6 18. Ng3 exf4 19. Rxf4 Bg7 20. Ref1 Qc5 21. Bxf6 Nxf6 22. Rxf6 Bxf6 23. Rxf6 b5 24. Qf2 bxc4 25. bxc4 Rd7 26. Kg2 Qe5 27. Ne2 Rb8 28. Qd4 Qg5 29. h3 Ba8 30. Nb3 Rbd8 31. Kg3 h5 32. Nf4 Bb7 33. Bd3 hxg4 34. hxg4 Kh7 35. Nd2 Qa5 36. Nf3 Ba8 37. Nd5 Rh8 38. Rxg6 1-0

[Event "Paul Keres mem (30th)"]
[Site "Vancouver CAN"]
[Date "2005.05.20"]
[Round "1.3"]
[White "Burke, Paul"]
[Black "Yoos, John"]
[Result "0-1"]
[WhiteElo "1991"]
[BlackElo "2417"]
[PlyCount "48"]
[GameId "2160767910968223"]
[EventDate "2005.05.20"]
[EventType "swiss"]
[EventRounds "7"]
[EventCountry "CAN"]

1. e4 c5 2. Nc3 Nc6 3. g3 g6 4. Bg2 Rb8 5. f4 Bg7 6. Nf3 b5 7. O-O d6 8. a3 a5 9. d3 b4 10. axb4 axb4 11. Ne2 e6 12. f5 exf5 13. exf5 Bxf5 14. Ng5 Ne5 15. c3 Nf6 16. d4 cxd4 17. Nxd4 Ned7 18. Qb3 O-O 19. Ra6 h6 20. Nh3 d5 21. Bf4 Rc8 22. Bd6 Bc2 23. Qxb4 Bd3 24. Re1 Bxa6 0-1

[Event "Paul Keres mem (30th)"]
[Site "Vancouver CAN"]
[Date "2005.05.20"]
[Round "1.4"]
[White "Berry, Jonathan"]
[Black "Yousefzadeh, Mehrdad"]
[Result "1-0"]
[WhiteElo "2306"]
[BlackElo "1988"]
[PlyCount "80"]
[GameId "2160767910968224"]
[EventDate "2005.05.20"]
[EventType "swiss"]
[EventRounds "7"]
[EventCountry "CAN"]

1. c4 Nf6 2. g3 e6 3. Bg2 d5 4. Nf3 Be7 5. O-O O-O 6. d4 Nbd7 7. Nbd2 c6 8. Qc2 Re8 9. b3 Bf8 10. Bb2 g6 11. e4 Nxe4 12. Nxe4 dxe4 13. Qxe4 Nf6 14. Qc2 Bg7 15. Rfe1 Qc7 16. Rad1 Rd8 17. Ne5 Bd7 18. g4 Be8 19. h3 Rac8 20. Bf3 Qe7 21. Kg2 Nd7 22. Nd3 Qg5 23. Bc1 Qf6 24. Re4 g5 25. Bb2 Qh6 26. h4 f5 27. hxg5 Qxg5 28. Bc1 Qg6 29. Re2 fxg4 30. Be4 Qf6 31. Ne5 h5 32. Rh1 Nxe5 33. dxe5 Qf7 34. f3 Rd4 35. fxg4 hxg4 36. Bh7+ Kf8 37. Rf1 Rcd8 38. Ba3+ R8d6 39. Bxd6+ Rxd6 40. Rxf7+ Bxf7 1-0